Statistics for South East Asian Cities over 1 Million Population

Click here to take the quiz!

General Stats

  • This quiz has been taken 1,113 times
    (354 since last reset)
  • The average score is 19 of 33

Answers on the Map

Answers color-coded by a green-red scale on the quiz's map according to % correct below.
 

Answer Stats

Pop. (K)City% Correct
33,756Jakarta
98%
18,007Bangkok
97%
7,547Hanoi
95%
5,983Singapore
94%
15,136Ho Chi Minh City
93%
24,922Manila
93%
8,911Kuala Lumpur
92%
2,463Phnom Penh
81%
6,874Yangon
80%
6,998Surabaya
72%
1,496Denpasar
69%
7,512Bandung
67%
2,518Cebu
67%
3,811Medan
59%
1,568Da Nang
58%
1,313Davao City
55%
1,777Penang
55%
1,780Mandalay
54%
1,603Yogyakarta
53%
2,137Makassar
48%
2,080Johor Bahru
47%
1,373Pattaya-Chon Buri
44%
1,952Palembang
43%
1,506Batam
38%
2,103Semarang
38%
1,742Hai Phong
36%
1,035Bandar Lampung
28%
1,555Malang
27%
1,148Surakarta
27%
1,193Pekan Baru
24%
1,093Cirebon
22%
1,116Jambi
20%
1,081Samarinda
20%

Score Distribution

Percentile by Number Answered

Percent of People with Each Score

Your Score History

You have not taken this quiz since the last reset